000
00470nam a2200169Ia 4500
008
090711s9999 xx 000 0 und d
082
_b
71531
100
_a
मुजावर बशीर सा.
245
_a
गूढ कथा
260
_c
1993
300
_a
200
600
_a
मुजावर बशीर सा.
630
_a
गूढ कथा
700
_a
मुजावर बशीर सा.
730
_a
गूढ कथा
942
_c
BOOK
999
_c
311112
_d
311112